00963nam a2200229 i 450000100060000000300090000600500170001500700030003200800410003504000130007608000110008910000320010024501880013226000720032030000810039265000300047370000360050385200380053994200180057799900170059595201210061263727ES-MaACL20250818063040.0t|031216s1921 fr ||||1| fre d cES-MaACL a547.971 aFierz, Hans Edouard.95072210aOperations fondamentales de la chimie des colorants / cpar Hans Edouard Fierz ; traduction française par Camille G. Vernet ; avec 17 figures dans le texte et 19 planches hors texte aParis : bAttinger frères, c1921e(Tours : fE. Arrault et Cie.) aXV, 328 páginas, 19 láminas : bilustraciones (blanco y negro) ; c24 cm 7aColorantes2embne91369311 aVernet, Camille G.etrl91141704 aES-MaACLbR.22881cDEPO2jE-1991  cMONOGRAFIAn0 c63727d63727 00104070aATENEOMbATENEOMcDEPO2d2008-01-17eSCl0oE-1991p1066788r2023-02-23 00:00:00w2023-02-23yMONOGRAFIA